| 000 | 00000nam##2200000za#4500 |
| 001 | 9.689087 |
| 003 | CaOODSP |
| 005 | 20220125145842 |
| 007 | cr ||||||||||| |
| 008 | 150407|2007||||xxc|||||o f|0| 0 eng|d |
| 020 | |a978-0-662-44676-7 |
| 040 | |aCaOODSP|beng |
| 043 | |an-cn--- |
| 086 | 1 |aD2-187/2007E-PDF |
| 110 | 1 |aCanada.|bDepartment of National Defence. |bCanadian Forces Liaison Council. |
| 245 | 10|aSupporting military reservists on campus : |h[electronic resource]|bguide for the development of student affairs and human resources policies within Canadian educational institutions |
| 260 | |aOttawa - Ontario : |bNational Defence. |cc2007. |
| 300 | |a35p.|bphotographs |
| 500 | |aThe catalogue number (D2-187/2007) and ISBN (978-0-662-49709-7) for the bilingual print edition have been incorrectly copied in this PDF version. |
| 590 | |a12-01-Supp|b2012-01-13 |
| 690 | 07|aMilitary personnel|2gcpds |
| 775 | 08|tAppuyer les réservistes sur le campus : |w(CaOODSP)9.633505 |
| 856 | 40|ahttp://publications.gc.ca|qPDF|s2380 KB|uhttps://publications.gc.ca/collections/collection_2011/dn-nd/D2-187-2007-eng.pdf |
| 986 | |aCFLC 036 2007-01-A |